Digitazioni di Parole - "Precipitevolissimevolmente" - Statistics

Statistiche generali
  • Questo quiz è stato fatto 60 volte
  • Il punteggio medio è 22 su 26
Statistiche sulle risposte
Lettera % Corretto
E
100%
E
100%
P
100%
P
100%
C
97%
I
97%
I
97%
I
97%
R
97%
I
94%
E
89%
T
89%
E
86%
E
86%
L
86%
O
86%
V
86%
S
80%
S
77%
M
74%
T
74%
L
71%
O
71%
V
71%
M
66%
N
66%
Nessun quiz corrispondente trovato
Distribuzione punteggi
Percentuale di utenti per punteggio
Percentile per numero di risposta
I tuoi punteggi nel tempo
Non hai fatto questo quiz